| 000 | 00601nam 22002053 4500 | ||
|---|---|---|---|
| 001 | 200322 | ||
| 090 | _a200322 | ||
| 100 | _a20260203d u||y0pory50 ba | ||
| 200 |
_aYakari presos na toca _fDerib , Job _gtradução Nuno Magalhães Guedes |
||
| 210 |
_a[Lisboa] _cDifusão Verbo _dcop. 1986 |
||
| 215 |
_a48 p. _cil. ; encadernado _d30 cm |
||
| 225 |
_aYakari _h10 |
||
| 606 |
_aDesenho Artístico _91586 |
||
| 610 | _aBanda Desenhada | ||
| 675 |
_a74 _vPT _zpor |
||
| 700 |
_aDerib _f1944- _915729 |
||
| 701 |
_915730 _aJobin (Job) _bAndré _f1927-2024 |
||
| 801 |
_aPT _bBMMN _gRPC |
||
| 830 | _cIsabel | ||
| 990 | _cLIVROS | ||